<?xml version="1.0" encoding="UTF-8"?>
<record
    xmlns:xsi="http://www.w3.org/2001/XMLSchema-instance"
    xsi:schemaLocation="http://www.loc.gov/MARC21/slim http://www.loc.gov/standards/marcxml/schema/MARC21slim.xsd"
    xmlns="http://www.loc.gov/MARC21/slim">

  <leader>01822aam a2200361 a 4500</leader>
  <controlfield tag="003">AR-RoUNCS</controlfield>
  <controlfield tag="005">20260623163712.0</controlfield>
  <controlfield tag="007">ta</controlfield>
  <controlfield tag="008">121106s2001    ag a   |r     00| 1 spa d</controlfield>
  <datafield tag="020" ind1=" " ind2=" ">
    <subfield code="a">978-950-753-287-0</subfield>
  </datafield>
  <datafield tag="040" ind1=" " ind2=" ">
    <subfield code="a">AR-RoUNCS</subfield>
    <subfield code="b">spa</subfield>
    <subfield code="c">AR-RoUNCS</subfield>
  </datafield>
  <datafield tag="041" ind1=" " ind2=" ">
    <subfield code="a">spa</subfield>
  </datafield>
  <datafield tag="245" ind1="0" ind2="0">
    <subfield code="a">Mitos clasificados 1 / </subfield>
    <subfield code="c">Homero ... [et al.].</subfield>
  </datafield>
  <datafield tag="250" ind1=" " ind2=" ">
    <subfield code="a">2a ed.</subfield>
  </datafield>
  <datafield tag="260" ind1=" " ind2=" ">
    <subfield code="a">San Isidro : </subfield>
    <subfield code="b">C&#xE1;ntaro,</subfield>
    <subfield code="c">c2001.</subfield>
  </datafield>
  <datafield tag="300" ind1=" " ind2=" ">
    <subfield code="a">138 p. :</subfield>
    <subfield code="b">il. ;</subfield>
    <subfield code="c">19 cm.</subfield>
  </datafield>
  <datafield tag="490" ind1="0" ind2=" ">
    <subfield code="a">Colecci&#xF3;n del Mirador ; </subfield>
    <subfield code="v">154</subfield>
  </datafield>
  <datafield tag="505" ind1=" " ind2=" ">
    <subfield code="t">Puertas de acceso. </subfield>
    <subfield code="g">&#xBF;La mano de Dios? ; El mito cl&#xE1;sico ; Mitos y leyendas ; La religi&#xF3;n griega ; El culto a los animales ; Los dioses ol&#xED;mpicos ; &#xBF;C&#xF3;mo eran los dioses? ; Los atributos divinos ; La funci&#xF3;n de los poetas ; La vida despu&#xE9;s de la muerte ; El culto a los dioses ; Los h&#xE9;roes  ; Los or&#xE1;culos ; A modo de conclusi&#xF3;n.</subfield>
  </datafield>
  <datafield tag="505" ind1=" " ind2=" ">
    <subfield code="t">Los hombres y los dioses.</subfield>
    <subfield code="g">Orfeo y Eur&#xED;dice ; Filem&#xF3;n y Baucis.</subfield>
  </datafield>
  <datafield tag="505" ind1=" " ind2=" ">
    <subfield code="t">Los hechos de los h&#xE9;roes.
</subfield>
    <subfield code="g">Teseo y Ariadna ; D&#xE1;nae y Perseo. </subfield>
  </datafield>
  <datafield tag="505" ind1=" " ind2=" ">
    <subfield code="t">El or&#xE1;culo de Delfos.</subfield>
    <subfield code="g">Edipo ; Ant&#xED;gona.</subfield>
  </datafield>
  <datafield tag="505" ind1=" " ind2=" ">
    <subfield code="t">La guerra de troya. </subfield>
    <subfield code="g">Paris y Helena ; La c&#xF3;lera de Aquiles ; El caballo de Troya ; Pen&#xE9;lope y Ulises.</subfield>
  </datafield>
  <datafield tag="520" ind1=" " ind2=" ">
    <subfield code="a">En esta selecci&#xF3;n se recrean algunos de los principales mitos griegos: las haza&#xF1;as de Teseo y de Perseo, los hechos sobresalientes de la guerra de Troya, las historias de amor de Orfeo y Eur&#xED;dice, las desventuras de Aquiles y Ulises, y los tr&#xE1;gicos destinos de Edipo y Ant&#xED;gona.</subfield>
  </datafield>
  <datafield tag="650" ind1=" " ind2="7">
    <subfield code="a">Mitolog&#xED;a griega</subfield>
    <subfield code="2">embne</subfield>
  </datafield>
  <datafield tag="650" ind1=" " ind2="7">
    <subfield code="a">Literatura griega</subfield>
    <subfield code="2">embne</subfield>
  </datafield>
  <datafield tag="655" ind1=" " ind2="7">
    <subfield code="a">Mitos</subfield>
    <subfield code="2">embne</subfield>
  </datafield>
  <datafield tag="700" ind1="0" ind2=" ">
    <subfield code="a">Homero</subfield>
    <subfield code="e">autor</subfield>
  </datafield>
  <datafield tag="700" ind1="0" ind2=" ">
    <subfield code="a">Hes&#xED;odo</subfield>
    <subfield code="e">autor</subfield>
  </datafield>
  <datafield tag="700" ind1="0" ind2=" ">
    <subfield code="a">S&#xF3;focles</subfield>
    <subfield code="e">autor</subfield>
  </datafield>
  <datafield tag="700" ind1="1" ind2=" ">
    <subfield code="a">Ovidio Nas&#xF3;n, Publio,</subfield>
    <subfield code="d">43 a. C.-17 d. C.</subfield>
    <subfield code="e">autor</subfield>
  </datafield>
  <datafield tag="700" ind1="0" ind2=" ">
    <subfield code="a">Eur&#xED;pides</subfield>
    <subfield code="e">autor</subfield>
  </datafield>
  <datafield tag="942" ind1=" " ind2=" ">
    <subfield code="2">udc</subfield>
    <subfield code="c">OG</subfield>
    <subfield code="n">0</subfield>
  </datafield>
  <datafield tag="999" ind1=" " ind2=" ">
    <subfield code="c">1055</subfield>
    <subfield code="d">1055</subfield>
  </datafield>
  <datafield tag="952" ind1=" " ind2=" ">
    <subfield code="0">0</subfield>
    <subfield code="1">0</subfield>
    <subfield code="2">udc</subfield>
    <subfield code="4">0</subfield>
    <subfield code="7">0</subfield>
    <subfield code="8">CG</subfield>
    <subfield code="a">ESOCIALES</subfield>
    <subfield code="b">ESOCIALES</subfield>
    <subfield code="d">2026-06-23</subfield>
    <subfield code="e">Donaci&#xF3;n 2026</subfield>
    <subfield code="l">0</subfield>
    <subfield code="o">82-34(38) M684 </subfield>
    <subfield code="p">001536</subfield>
    <subfield code="r">2026-06-23 16:39:49</subfield>
    <subfield code="w">2026-06-23</subfield>
    <subfield code="y">OG</subfield>
  </datafield>
</record>
